[Event "Mittelrhein Verbandsliga-W 16/17"]
[Site "Nordrheinwestfalen"]
[Date "2017.04.09"]
[Round "10.4"]
[White "Wuerzberg, Peter"]
[Black "Peters, Michael"]
[Result "1/2-1/2"]
[WhiteElo "1718"]
[BlackElo "1991"]
[PlyCount "35"]
[EventDate "2016.09.11"]
[EventType "team-tourn"]
[EventRounds "11"]
[EventCountry "GER"]
[SourceTitle "EXT 2022"]
[Source "ChessBase"]
[SourceDate "2021.10.06"]
[SourceVersion "1"]
[SourceVersionDate "2021.10.06"]
[SourceQuality "1"]
[WhiteTeam "Eilendorf Arminia"]
[BlackTeam "Kerpen SK"]
[WhiteTeamCountry "GER"]
[BlackTeamCountry "GER"]

1. c4 e5 2. Nc3 Nf6 3. g3 Nc6 4. Bg2 Bc5 5. e3 0-0 6. Nge2 h6 7. 0-0 Bb4 8. d4 exd4 9. exd4 Bxc3 10. Nxc3 d6 11. a3 Bg4 12. Qd3 Qd7 13. b4 Bf5 14. Qd1 Rae8 15. Bb2 Re7 16. Nd5 Nxd5 17. cxd5 Nb8 18. Bc1 1/2-1/2